The Trinity : An Introduction to Catholic Doctrine on the Triune God /
Representing the highest quality of scholarship, Gilles Emery offers a much-anticipated introduction to Catholic doctrine on the Trinity. His extensive research combined with lucid prose provides readers a resource to better understand the foundations of Trinitarian reflection. The book is addressed...
| Main Author: | |
|---|---|
| Format: | Electronic eBook |
| Language: | Inglés Francés |
| Published: |
Washington, D.C. :
Catholic University of America Press,
[2012]
|
| Series: | Book collections on Project MUSE.
|
| Subjects: | |
| Online Access: | Texto completo |
MARC
| LEADER | 00000cam a22000004a 4500 | ||
|---|---|---|---|
| 001 | musev2_24846 | ||
| 003 | MdBmJHUP | ||
| 005 | 20230905042639.0 | ||
| 006 | m o d | ||
| 007 | cr||||||||nn|n | ||
| 008 | 131115s2012 dcu o 00 0 eng d | ||
| 020 | |a 9780813219035 | ||
| 020 | |z 9780813218649 | ||
| 035 | |a (OCoLC)863062311 | ||
| 040 | |a MdBmJHUP |c MdBmJHUP | ||
| 041 | 1 | |a eng |h fre | |
| 100 | 1 | |a Emery, Gilles. | |
| 240 | 1 | 0 | |a Trinite. |l English |
| 245 | 1 | 4 | |a The Trinity : |b An Introduction to Catholic Doctrine on the Triune God / |c Gilles Emery ; translated by Matthew Levering. |
| 264 | 1 | |a Washington, D.C. : |b Catholic University of America Press, |c [2012] | |
| 264 | 3 | |a Baltimore, Md. : |b Project MUSE, |c 2014 | |
| 264 | 4 | |c ©[2012] | |
| 300 | |a 1 online resource (240 pages). | ||
| 336 | |a text |b txt |2 rdacontent | ||
| 337 | |a computer |b c |2 rdamedia | ||
| 338 | |a online resource |b cr |2 rdacarrier | ||
| 490 | 0 | |a Thomistic ressourcement series ; |v volume 1 | |
| 500 | |a Translated from French. | ||
| 505 | 0 | |a Entering into Trinitarian faith -- The revelation of the Father, Son, and Holy Spirit -- The confessions of Trinitarian faith -- Three "persons" or "hypostases" -- Doctrinal synthesis on the Father, Son, and Holy Spirit -- Returning to the creative and saving action of the Trinity -- By way of conclusion. | |
| 520 | |a Representing the highest quality of scholarship, Gilles Emery offers a much-anticipated introduction to Catholic doctrine on the Trinity. His extensive research combined with lucid prose provides readers a resource to better understand the foundations of Trinitarian reflection. The book is addressed to all who wish to benefit from an initiation to Trinitarian doctrine. | ||
| 588 | |a Description based on print version record. | ||
| 610 | 2 | 7 | |a Catholic Church. |2 fast |0 (OCoLC)fst00531720 |
| 610 | 2 | 6 | |a Église catholique |x Doctrines. |
| 610 | 2 | 0 | |a Catholic Church |x Doctrines. |
| 650 | 7 | |a Trinity |x History of doctrines. |2 fast |0 (OCoLC)fst01156782 | |
| 650 | 7 | |a Trinity. |2 fast |0 (OCoLC)fst01156777 | |
| 650 | 7 | |a Theology, Doctrinal. |2 fast |0 (OCoLC)fst01149617 | |
| 650 | 7 | |a RELIGION |x Christian Theology |x General. |2 bisacsh | |
| 650 | 7 | |a RELIGION |x Theology. |2 bisacsh | |
| 650 | 6 | |a Trinite |x Histoire des doctrines. | |
| 650 | 6 | |a Trinite. | |
| 650 | 0 | |a Trinity |x History of doctrines. | |
| 650 | 0 | |a Trinity. | |
| 655 | 7 | |a Electronic books. |2 local | |
| 710 | 2 | |a Project Muse. |e distributor | |
| 830 | 0 | |a Book collections on Project MUSE. | |
| 856 | 4 | 0 | |z Texto completo |u https://projectmuse.uam.elogim.com/book/24846/ |
| 945 | |a Project MUSE - Custom Collection | ||
| 945 | |a Project MUSE - Archive Complete Supplement II | ||
| 945 | |a Project MUSE - Archive Philosophy and Religion Supplement II | ||


